000 00342nam a2200133Ia 4500
008 240624s9999 xx 000 0 und d
041 _aeng
082 _a658.404 YOU
100 _aYOUNG TREVOR L
245 _aSUCCESSFUL PROJECT MANAGEMENT
260 _c2013
_aNew Delhi
_bKogan Page
300 _aix, : 218 : p. : cm. ; 22
365 _cRS
_b33
999 _c21709
_d21709